Matawäni deiyu isotu : (Registro nro. 15287)

Detalles MARC
000 -LEADER
fixed length control field 02026nam a2200265 a 4500
005 - DATE AND TIME OF LATEST TRANSACTION
control field 20250329191108.0
008 - FIXED-LENGTH DATA ELEMENTS--GENERAL INFORMATION
fixed length control field 030306s2019 fr 000 0 spa d
020 ## - INTERNATIONAL STANDARD BOOK NUMBER
International Standard Book Number 9789585427174
040 ## - CATALOGING SOURCE
Original cataloging agency CO-CtgCURN
Language of cataloging spa
Transcribing agency coctgcurn
082 04 - DEWEY DECIMAL CLASSIFICATION NUMBER
Classification number 591
Item number M425
Edition information 21
245 00 - TITLE STATEMENT
Title Matawäni deiyu isotu :
Remainder of title animales de la selva de matavén /
Statement of responsibility, etc. editores Mariela Osorno Muñoz, Giógenes Fuentes Sánchez, Eneido Fuentes Sánchez ; fotografías Darwin Morales [y otros doce].
260 ## - PUBLICATION, DISTRIBUTION, ETC.
Place of publication, distribution, etc. Bogotá :
Name of publisher, distributor, etc. Instituto Amazónico de Investigaciones Científicas SINCHI,
Date of publication, distribution, etc. 2019.
300 ## - PHYSICAL DESCRIPTION
Extent 151 páginas :
Other physical details ilustraciones, mapas, fotografías (principalmente a color), mapas.
520 8# - SUMMARY, ETC.
Summary, etc. Esta cartilla contiene la información de algunos animales, aves, reptiles, anfibios, mamíferos de la Selva de Matavén, muestra su hábitat, su alimentación, la voz y su color, el nombre tradicional en Piaroa y el nombre científico. Es para enseñar a la nueva generación y para la recuperación de los nombres de animales que saben los adultos, de esta manera mantener de generación en generación. Muestra la cultura viva y los seres vivos que contiene nuestro territorio. Se hizo un acuerdo con el Instituto SINCHI para el estudio y la investigación científica, invitamos a todas las comunidades a divulgar todos los nombres de los animales que contempla esta cartilla, a los responsables, padres de familias, profesores y líderes a comprometerse para mantener la cultura viva.
650 17 - SUBJECT ADDED ENTRY--TOPICAL TERM
Topical term or geographic name entry element Zoología
Geographic subdivision Colombia.
Source of heading or term LEMB
650 17 - SUBJECT ADDED ENTRY--TOPICAL TERM
Topical term or geographic name entry element Animales
Form subdivision Clasificación
Geographic subdivision Colombia.
Source of heading or term LEMB
650 17 - SUBJECT ADDED ENTRY--TOPICAL TERM
Topical term or geographic name entry element Piaroa (Lengua indígena)
Form subdivision Enseñanza.
Source of heading or term LEMB
650 17 - SUBJECT ADDED ENTRY--TOPICAL TERM
Topical term or geographic name entry element Tradición oral
Form subdivision Enseñanza
Geographic subdivision Selva de Matavén
-- Orinoquía
-- Colombia.
Source of heading or term LEMB
700 1# - ADDED ENTRY--PERSONAL NAME
Personal name Fuentes Sánchez, Eneido,
Relator term editor.
700 1# - ADDED ENTRY--PERSONAL NAME
Personal name Fuentes Sánchez, Giógenes,
Relator term editor.
700 1# - ADDED ENTRY--PERSONAL NAME
Personal name Morales, Darwin,
Relator term fotografo.
700 1# - ADDED ENTRY--PERSONAL NAME
Personal name Osorno Muñoz, Mariela,
Relator term fotografo.
942 ## - ADDED ENTRY ELEMENTS (KOHA)
Institution code [OBSOLETE] MHC
Source of classification or shelving scheme Dewey Decimal Classification
Koha item type Libros
Classification part 591
Item part M425
-- 023408
Existencias
Withdrawn status Lost status Source of classification or shelving scheme Damaged status Not for loan Collection Home library Current library Shelving location Serial enumeration / chronology Inventory number Total checkouts Full call number Barcode Date last seen Price effective from Koha item type Public note
    Dewey Decimal Classification     General Miguel Henríquez Emiliani Miguel Henríquez Emiliani General 591 023408   591 M425 023408 03/31/2025 03/31/2025 Libros 590-CIEZOO